00485cam a2200169 i 450000100060000000300080000600500170001400800390003103500190007004000320008904100080012108200230012924500440015226000540019630000210025065000440027126125BD-RjUL20211209050956.0140320s1975 kn 000 0 eng a(BD-RjUL)26195 aDLCcDLCdDLCdBD-RjULbeng aeng00a951.9043bKOR 197500aKorea must be reunified independently / aPyongyang :bForeign Languages Pub. House,c1975. a174 p. ;c19 cm. 0aKorean reunification question (1945- )